00871nam a22002177a 450000500170000001000150001702000260003203500140005803700090007208200100008124501650009125000060025626000740026227000510033630000200038770000400040770000330044794200240048099900190050495201300052320250613153818.0 aENG-145351 a9788181984456c695.00 aEN-128883 bDBAD a025.2 aProfessional in Library and Information Services for User Employment:bOpportunities and Challenges (Profuse 2017)/cEdited by Khaisar Muneebulla Khan...[et.al] a1 aMangalagangothribDepartment of Library and Information Sciencec2017 aMangalore UniversitybMangalagangothrie574199 a698p.c26cm(pb) aSinha , Manoj Kumar eeditor982017 aKharb, Deepa eeditor982018 2ddccENmPROh025.2 c211797d211797 001040708NFICaKGMbKGMd2025-06-13eDBADg695.00l0oPRO 025.2pEN-128883r2025-06-13 00:00:00t1v695.00w2025-06-13yEN